Hardest NBA Players Number quiz - Statistics

General Stats
  • This quiz has been taken 1,775 times
  • The average score is 13 of 14
Answer Stats
Player Players Number % Correct
Trevor Ariza 1
99%
Kawhi Leonard 2
99%
Giannis Antetokounmpo 34
99%
Karl-Anthony Towns 32
97%
Joel Embiid 21
96%
Jeremy Lin 7
93%
Patty Mills 8
93%
Nerlens Noel 4
92%
Jae Crowder 99
91%
Eric Gordon 10
90%
Jabari Parker 12
90%
Avery Bradley 0
89%
Kyle Korver 26
87%
Cameron Payne 22
83%
No matching quizzes found
Score Distribution
Percent of People with Each Score
Percentile by Number Answered
Your Score History
You have not taken this quiz